00841cam a22002177a 4500003000500000005001700005008004100022010001000063011001000073035001000083040000900093100003300102245018500135260004100320300003400361502011000395650002800505650003700533650002200570700003100592CHAP20220329141956.0981103d1998 mx r 00110 spa d a76562 a77534 a87143 cCHAP00aAlemán Domínguez, Fidel.10aAnálisis administrativo de un rancho ganadero productor de leche en la región de Texcoco, con base en la matriz DAFOc/por Fidel Alemán Domínguez y Fredy Morales de Jesús aChapingo, Méx. :bEl autor,c1998. a112 h. :bcuadros ; diagramas aTesis (Lic. en Administración de Empresas Agropecuarias) -- UACH. Departamento de Economía Agrícola14aEmpresas agropecuarias.14aGanado lecherozMéxico (Edo.).14aGranjas lecheras.0 aMorales de Jesús, Fredy.